Socialización y rendimiento en educación de tres a trece años, el preescolar, el niño de cinco a /

Guardado en:
Autor Principal: Simms, J. A.
Formato: Libro
Publicado: España : Morata, 1972
Materias:
Etiquetas: Agregar Etiqueta
Sin Etiquetas, Sea el primero en etiquetar este registro!
LEADER 00631nam a22002055a 4500
001 CEM.cems006896
005 20060214000000.0
008 130507s1972##################000#0#####d
003 CEMS
082 0 4 |a 370.15 
100 1 |a Simms, J. A. 
245 1 0 |a Socialización y rendimiento en educación de tres a trece años, el preescolar, el niño de cinco a / 
260 |a España :  |b Morata,  |c 1972 
300 |a 176 p. 
653 |a Educacion 
653 |a Educacion preescolar 
653 |a Psicología educativa 
653 |a Psicología evolutiva 
653 |a Socializacion 
859 |a CEMS  |b BIB. CEMS - 11 de abril  |h 370.15  |i Si65  |p 6817.79  |t Ej.1